[Event "KOS-chT2"]
[Site "Pristina"]
[Date "2023.05.28"]
[Round "3"]
[White "Aliti, Rrahman"]
[Black "Berisha, Besim"]
[Result "1-0"]
[WhiteElo "1933"]
[BlackElo "1910"]
[PlyCount "71"]
[EventDate "2023.05.27"]
[EventType "team-swiss"]
[EventRounds "7"]
[EventCountry "KOS"]
[SourceTitle "CBM 214 Extra"]
[Source "ChessBase"]
[SourceDate "2023.07.31"]
[SourceVersion "1"]
[SourceVersionDate "2023.07.31"]
[SourceQuality "1"]
[WhiteTeam "Zhupa"]
[BlackTeam "Peja"]
[WhiteTeamCountry "KOS"]
[BlackTeamCountry "KOS"]

1. e4 c5 2. f4 e6 3. Nf3 Nc6 4. Nc3 a6 5. a3 Qc7 6. d4 cxd4 7. Nxd4 h5 8. Nb3 b5 9. Be2 g6 10. Bf3 Bb7 11. Be3 Bg7 12. Nc5 Bc8 13. e5 Nge7 14. N3e4 Nf5 15. Bf2 Rb8 16. c3 0-0 17. g4 hxg4 18. Bxg4 Nxe5 19. fxe5 Qxe5 20. Qe2 d6 21. Nd3 Qd5 22. Bf3 Qc4 23. Nd2 Qc7 24. h4 d5 25. Rg1 d4 26. Rc1 dxc3 27. bxc3 Qe7 28. h5 g5 29. Bc5 Qf6 30. Ne4 Qd8 31. Rxg5 Kh7 32. Bxf8 Bxf8 33. Rd1 Qe7 34. Rg1 Bh6 35. Qh2 Qa7 36. Nf6+ 1-0